[Event "Lille Luce op 7th"]
[Site "Lille"]
[Date "2016.04.13"]
[Round "7"]
[White "Nouar, Abderahmane"]
[Black "Kozlowski, Thierry"]
[Result "1-0"]
[WhiteElo "1715"]
[BlackElo "1979"]
[PlyCount "151"]
[EventDate "2016.04.09"]
[EventType "swiss"]
[EventRounds "7"]
[EventCountry "FRA"]
[SourceTitle "CBM 171 Extra"]
[Source "ChessBase"]
[SourceDate "2016.04.26"]
[SourceVersion "1"]
[SourceVersionDate "2016.04.26"]
[SourceQuality "1"]

1. e4 c5 2. c3 g6 3. Nf3 Bg7 4. Bc4 e6 5. 0-0 Ne7 6. d4 d5 7. Bb5+ Bd7 8. Na3 Bxb5 9. Nxb5 dxe4 10. Ng5 a6 11. Na3 cxd4 12. Nxe4 Qd5 13. Qe1 0-0 14. Bg5 f6 15. Bd2 Nbc6 16. c4 Qe5 17. f4 Qc7 18. Nc5 e5 19. Ne6 Qd6 20. Nxf8 Rxf8 21. b4 d3 22. Bc3 Nd4 23. fxe5 fxe5 24. Rxf8+ Bxf8 25. Rd1 Ndc6 26. Qe4 Nxb4 27. Qxe5 Qxe5 28. Bxe5 Nec6 29. Bc3 Nxa2 30. Nb1 Nxc3 31. Nxc3 Ne5 32. Rb1 Bc5+ 33. Kf1 b6 34. Ke1 Nxc4 35. Ne4 Bd4 36. Rb4 b5 37. Rb3 Bg1 38. h3 d2+ 39. Nxd2 Nxd2 40. Kxd2 Bc5 41. Kd3 Kf7 42. Rc3 Be7 43. Rc7 a5 44. Rb7 a4 45. Rxb5 h5 46. Ra5 a3 47. Ra6 h4 48. Ke4 Bf8 49. Kf4 Be7 50. Ke5 Bc5 51. Ra4 Be7 52. Ra7 g5 53. Kf5 Kf8 54. Ke6 Bc5 55. Rb7 Bd4 56. Rb8+ Kg7 57. Ra8 Bb2 58. Kf5 Bc1 59. Ra7+ Kf8 60. Ke6 Bb2 61. Kd5 Ke8 62. Kc4 Kd8 63. Kb3 Kc8 64. Ra5 Kd7 65. Rxg5 Ke6 66. Rh5 Bf6 67. Kxa3 Kf7 68. Kb3 Kg6 69. Rb5 Bd4 70. Kc4 Bf2 71. Kd3 Be1 72. Ke4 Bd2 73. Kf3 Bg5 74. Kg4 Bd8 75. Rh5 Be7 76. Rxh4 1-0